| 000 | 00396nam a2200157 4500 | ||
|---|---|---|---|
| 999 |
_c164671 _d164671 |
||
| 005 | 20190524113113.0 | ||
| 010 | _aB-230225 | ||
| 035 | _aB-230225 | ||
| 037 | _bDBAD/PUB | ||
| 082 | _a954 | ||
| 245 | _aIndian history/ | ||
| 246 |
_aIndian history _bUnique Publisher |
||
| 260 |
_aNew Delhi _bUnique publisher |
||
| 300 |
_a1148p. _c25cms(Hbk) |
||
| 942 |
_2ddc _cEN _h954 _mUNI |
||